[Event "Ciego de Avila"]
[Site "Ciego de Avila"]
[Date "1996.??.??"]
[Round "6"]
[White "Minero Pineda, Sergio"]
[Black "Borges Mateos, Juan"]
[Result "0-1"]
[WhiteElo "2405"]
[BlackElo "2530"]

1.d4 d5 2.c4 c6 3.Nf3 Nf6 4.g3 Bg4 5.Bg2 e6 6.O-O Nbd7 7.Nbd2 Be7 8.b3 O-O
9.Bb2 h6 10.Re1 a5 11.a3 Qb6 12.e4 dxe4 13.Nxe4 Rfd8 14.h3 Bf5 15.Nc3 Bh7
16.Bc1 e5 17.Be3 exd4 18.Bxd4 Bc5 19.Ra2 Bxd4 20.Nxd4 Nc5 21.Nce2 Nd3 22.Rf1 Rxd4
23.Nxd4 Qxd4 24.Qa1 Qxa1 25.Rfxa1 Kf8 26.Bf1 Nc5 27.Rb2 Bf5 28.Rd1 Nxb3 29.g4 Bh7
30.Rxb3 Bc2 31.Rdb1 Bxb3 32.Rxb3 Rb8 33.Bg2 Nd7 34.f4 Nc5 35.Re3 f6 36.Kf2 Rd8
37.Kg3 Rd4 38.Rc3 g5 39.fxg5 hxg5 40.Kf3 Ke7 41.Ke3 Rd1 42.Bf3 Ra1 43.Be2 Kd6
44.Bf3 Ke5 45.Bg2 a4 46.Kf2 Kd4  0-1

[Event "Capablanca mem-B"]
[Site "Cienfuegos"]
[Date "1996.??.??"]
[Round "5"]
[White "Alvarez, Jose"]
[Black "Cifuentes Parada, Roberto"]
[Result "1/2-1/2"]
[WhiteElo "2415"]
[BlackElo "2490"]

1.d4 d5 2.Nf3 Nf6 3.c4 c6 4.Qc2 e6 5.Bg5 Nbd7 6.e3 Qa5+ 7.Nbd2 Ne4 8.Bh4 Bb4
9.Bd3 Nxd2 10.Nxd2 c5 11.cxd5 exd5 12.a3 c4 13.Be2 Nb6 14.Rd1 Bxd2+ 15.Rxd2 Be6
16.O-O Rc8 17.Rc1 O-O 18.Be7 Rfe8 19.Bb4 Qb5 20.b3 Qd7 21.bxc4 Nxc4 22.Bxc4 Rxc4
23.Qb2 Rxc1+ 24.Qxc1 Bf5 25.h3 Rc8 26.Qf1 Rc4 27.Rd1 Qc6 28.Qe2 h6 29.Qf3 Be4
30.Qf4 a5 31.Bc5 Rc2 32.Qd6 Qxd6 33.Bxd6 Rc6 34.Bg3 b5 35.Ra1 b4 36.axb4 axb4
37.Ra8+ Kh7 38.Rb8 Rc1+ 39.Kh2 Rb1 40.Rb7 Kg6 41.Rb6+ Kh7 42.Rb7  1/2-1/2

[Event "Copenhagen KS"]
[Site "Copenhagen"]
[Date "1996.??.??"]
[Round "2"]
[White "Hellsten, Johan"]
[Black "Hector, Jonny"]
[Result "1/2-1/2"]
[WhiteElo "2490"]
[BlackElo "2525"]

1.d4 d5 2.Nf3 Nf6 3.c4 c6 4.Qc2 g6 5.e3 Bf5 6.Bd3 e6 7.Nbd2 Na6 8.a3 Bg7
9.O-O O-O 10.b4 b5 11.c5 Nd7 12.Nb3 Qc7 13.Bxf5 gxf5 14.Bd2 Rae8 15.a4 bxa4
16.Rxa4 Nab8 17.Ne1 a6 18.Nd3 Kh8 19.f3 Rg8 20.Be1 Bh6 21.Qe2 f6 22.e4 f4
23.Ra2 Rg6 24.exd5 cxd5 25.b5 axb5 26.Nb4 Nc6 27.Nxd5 Qd8 28.Qxb5 Ndb8 29.Nb4 Nxd4
30.Nxd4 Qxd4+ 31.Bf2 Qd8 32.Kh1 Reg8 33.Rg1 Bf8 34.Qc4 e5 35.Ra8 Qd2 36.Nd3 e4
37.Qxe4 Bxc5 38.Rxb8 Bxf2 39.Rxg8+ Rxg8 40.Nxf2 Qxf2 41.Qxf4 Qb2 42.h4 Rd8
43.Re1 Rg8 44.Rg1 Rd8 45.Kh2 Qb8 46.Qxb8 Rxb8 47.Re1 Kg7 48.Re7+ Kg6 49.g4 h5
50.Re6 Rb3 51.Kg2 Kf7 52.Rd6 hxg4 53.fxg4 Kg7 54.Re6 Ra3 55.Rd6 Rb3 56.Rd5 Ra3
57.Rf5 Rb3 58.Rf3 Rb4 59.Kg3 Rb1 60.Rd3 Rf1 61.Re3 Rg1+ 62.Kf3 Rh1 63.Re7+ Kf8
64.Rh7 Kg8 65.Kg2 Ra1 66.Rd7 Ra3 67.h5 Rb3 68.Kf2 Rh3 69.Kg2 Ra3 70.h6 Ra5
71.Kg3 Rg5 72.Kh4 Kh8 73.h7 Rg7 74.Rxg7  1/2-1/2

[Event "Copenhagen-ch"]
[Site "Copenhagen"]
[Date "1996.??.??"]
[Round "4"]
[White "Sorensen, Torben"]
[Black "Bjerring, Kai"]
[Result "1-0"]
[WhiteElo "2275"]
[BlackElo "2365"]

1.d4 Nf6 2.c4 c6 3.Nf3 d5 4.Qc2 g6 5.Bf4 Bf5 6.Qb3 Qb6 7.c5 Qxb3 8.axb3 Nbd7
9.h3 Bg7 10.e3 O-O 11.b4 Bxb1 12.Rxb1 a6 13.Ra1 Rfe8 14.Bd3 Ne4 15.Ke2 e5
16.dxe5 Nxe5 17.Bxe4 dxe4 18.Nxe5 Bxe5 19.Bxe5 Rxe5 20.Rhd1 Rae8 21.Rd4 R8e7
22.Kd1 Rg5 23.g3 Rh5 24.h4 g5 25.Ke2 gxh4 26.gxh4 f6 27.Rg1+ Kf7 28.Rg4 Rhe5
29.Kd2 f5 30.Rg5 a5 31.Kc3 axb4+ 32.Kc4 h6 33.Rg1 R5e6 34.Kxb4 Rg6 35.Rdd1 Rxg1
36.Rxg1 Rd7 37.Ka5 Rd2 38.Rb1 Kg6 39.Kb6 Rd7 40.Ra1 f4 41.Ra7 Rd2 42.Rxb7 f3
43.Kxc6 Rxf2 44.Re7 Kf5 45.Rf7+ Ke6 46.Rf4 Ke5 47.b4 Re2 48.Rf8 Rxe3 49.b5 Rb3
50.b6 Kd4 51.Rf5 e3 52.Rf4+ Ke5 53.Rxf3 e2 54.Rf8 Re3 55.b7 Kd4 56.b8=Q Re6+
57.Kd7 e1=Q 58.Rf4+ Kxc5 59.Qa7+ Kb5 60.Qa4+  1-0

[Event "Politiken Cup"]
[Site "Copenhagen"]
[Date "1996.??.??"]
[Round "11"]
[White "Hutters, Tomas"]
[Black "Hector, Jonny"]
[Result "0-1"]
[WhiteElo "2435"]
[BlackElo "2520"]

1.d4 d5 2.Nf3 Nf6 3.c4 c6 4.Qc2 g6 5.Bf4 Na6 6.c5 b6 7.Qa4 Bg7 8.e3 Nb8 9.cxb6 Qxb6
10.Nbd2 O-O 11.Rc1 Qxb2 12.Rb1 Qc3 13.Rxb8 Rxb8 14.Bxb8 Bf5 15.Qb3 Qc1+ 16.Qd1 Qxd1+
17.Kxd1 Rxb8 18.Ne5 Rb2 19.Nxc6 Bd7 20.Kc1 Rxa2 21.Nb4 Ra1+ 22.Nb1 Ne4 23.Kb2 Ra5
24.f3 Nf2  0-1

[Event "CZE-chT 9596"]
[Site "?"]
[Date "1996.??.??"]
[Round "1"]
[White "Tichy, Vladimir"]
[Black "Knazovcik, Ladislav"]
[Result "1/2-1/2"]
[WhiteElo "2370"]
[BlackElo "2330"]

1.d4 Nf6 2.Nf3 d5 3.c4 c6 4.Qb3 e6 5.Bg5 Be7 6.Nc3 O-O 7.e3 Nbd7 8.cxd5 exd5
9.Bd3 Re8 10.O-O Ne4 11.Bxe7 Qxe7 12.Qc2 Ndf6 13.Ne5 Nxc3 14.bxc3 c5 15.a4 b6
16.Bb5 Rf8 17.a5 Bb7 18.a6 Bc8 19.Qa2 Qd6 20.f3 Bd7 21.Nxd7 Nxd7 22.Rae1 Rac8
23.Kh1 cxd4 24.cxd4 Nf6 25.Qd2 Rfd8 26.Rc1 Qe6 27.Kg1 g6 28.Rxc8 Rxc8 29.Rc1 Kg7
30.Rc3 Ng8 31.Qc1 Ne7 32.Kf2 Rxc3 33.Qxc3 Qd6 34.g3 h5 35.Bd3  1/2-1/2

[Event "CZE-chT 9596"]
[Site "?"]
[Date "1996.??.??"]
[Round "2"]
[White "Bakalar, Petr"]
[Black "Cerny, Martin"]
[Result "1-0"]
[WhiteElo "2355"]
[BlackElo "2300"]

1.d4 d5 2.c4 c6 3.Nf3 Nf6 4.Qb3 e6 5.g3 Bd6 6.Nc3 O-O 7.Bg2 Nbd7 8.O-O dxc4
9.Qxc4 e5 10.Bg5 Nb6 11.Qd3 exd4 12.Qxd4 Be7 13.Rad1 Qxd4 14.Nxd4 h6 15.Bc1 Rd8
16.h3 Nfd5 17.Nxd5 Nxd5 18.e4 Nb6 19.a3 Bf6 20.Nb3 Be6 21.Nc5 Bc4 22.Rfe1 Ba6
23.Nxa6 bxa6 24.Kf1 Nc4 25.b3 Na5 26.b4 Nc4 27.Ke2 a5 28.bxa5 Bc3 29.Rxd8+ Rxd8
30.Rd1 Rxd1 31.Kxd1 Bxa5 32.f4 Bb6 33.Ke2 f6 34.Kd3 Na5 35.Bb2 Kf7 36.e5 f5
37.e6+ Kxe6 38.Bxg7 c5 39.Bxh6 c4+ 40.Kc3 Bf2 41.g4 Be1+ 42.Kc2 Bg3 43.Bg5 Be1
44.Bf1 Kd5 45.gxf5 Nb3 46.Bg2+ Kd4 47.f6 Ke3 48.f5+ Ke2 49.f7 Nd4+ 50.Kb1 c3
51.f8=Q  1-0

[Event "CZE-chT 9596"]
[Site "?"]
[Date "1996.??.??"]
[Round "5"]
[White "Cerny, Martin"]
[Black "Mitura, Vaclav"]
[Result "0-1"]
[WhiteElo "2300"]
[BlackElo "2230"]

1.d4 d5 2.c4 c6 3.Nf3 Nf6 4.Qc2 g6 5.Bf4 Na6 6.e3 Bg7 7.Nbd2 O-O 8.c5 Nc7
9.Bd3 Nh5 10.h3 Nxf4 11.exf4 Ne6 12.f5 Nxd4 13.Nxd4 Bxd4 14.h4 Bxf5 15.Bxf5 gxf5
16.Nf3 Qa5+ 17.Kf1 Qxc5 18.Qxf5 e6 19.Qh5 Bxb2 20.Re1 Qc2 21.Rh3 Qf5 22.Ng5 Bg7
23.Rf3 Qg6 24.Qg4 h6 25.Rg3 hxg5 26.Qb4 d4 27.Kg1 Rad8 28.Rxg5 Qh7 29.Re4 Qxe4  0-1

[Event "CZE-chT 9596"]
[Site "?"]
[Date "1996.??.??"]
[Round "10"]
[White "Sergeev, Vladimir"]
[Black "Beil, Zdenek"]
[Result "1/2-1/2"]
[WhiteElo "2410"]
[BlackElo "2330"]

1.c4 Nf6 2.Nf3 c6 3.d4 d5 4.Qb3 dxc4 5.Qxc4 Bf5 6.Nc3 h6 7.g3 e6 8.Bg2 Be7
9.O-O O-O 10.Ne5 Nbd7 11.e4 Bh7 12.Qe2 c5 13.Nxd7 Qxd7 14.dxc5 Bxc5 15.Rd1 Qc7
16.Bd2 Rfd8 17.Rac1 Qe7 18.e5 Nd5 19.Nxd5 exd5 20.Ba5 b6 21.Bc3 Qe6 22.Bd4 Rac8
23.Qe3 Be7 24.Rxc8 Rxc8 25.h4 Bf5 26.a3 Qc6 27.Kh2 Be6 28.b4 a5 29.Rb1 axb4
30.axb4 Qa4 31.Bxb6 Bxb4 32.Qd3 Rc3 33.Qd1 Qb5 34.Be3 Qa5 35.Rb2 Rc8 36.Qb1 Bc3
37.Rb8 Bxe5 38.Rb5 Qd8 39.Qd3 Qxh4+ 40.Kg1 Qc4 41.Qxc4 Rxc4 42.Bxd5 Bxd5
43.Rxd5 Bf6 44.Kg2 g5 45.Kf3 Kg7 46.g4 Rc6 47.Rd7 Kg6 48.Ke2 Rc4 49.Kf3 Be5
50.Re7 f6 51.Re8 h5 52.gxh5+ Kxh5 53.Rg8 Kh6 54.Kg2 Kh7 55.Ra8 Kg6 56.Kf3 Kf5
57.Ra5 g4+ 58.Kg2 Ke4 59.Rc5 Ra4 60.Rc2 f5 61.Re2 Kd3 62.Rd2+ Kc3 63.Rd5 Re4
64.Bd2+ Kc4 65.Ra5 Kd3 66.Rd5+ Ke2 67.Ba5 Bd4 68.Rxf5 Kd3 69.Bc7 Ke2 70.Bd6 Re6
71.Bg3 Re4 72.Ra5 Bc3 73.Ra2+  1/2-1/2

[Event "CZE-chT2c 9596"]
[Site "CZE"]
[Date "1996.??.??"]
[Round "4"]
[White "Sobek, Jaroslav"]
[Black "Hudecek, Jan"]
[Result "0-1"]
[WhiteElo "2290"]
[BlackElo "2275"]

1.d4 d5 2.c4 c6 3.Nf3 dxc4 4.e3 b5 5.a4 e6 6.b3 Bb4+ 7.Bd2 Bxd2+ 8.Nfxd2 cxb3
9.axb5 b2 10.Ra2 Ne7 11.Nc3 Bb7 12.Rxb2 O-O 13.Nde4 Nd7 14.bxc6 Bxc6 15.Be2 f5
16.Ng5 Nd5 17.Nxd5 Bxd5 18.Nf3 Qa5+ 19.Rd2 Qb4 20.O-O a5 21.Qc1 a4 22.Ne1 a3
23.Nd3 Qa5 24.Bf3 a2 25.Rdd1 Bxf3 26.gxf3 Qd5 27.Kg2 a1=Q  0-1

[Event "Decin op"]
[Site "Decin"]
[Date "1996.??.??"]
[Round "2"]
[White "Crouch, Colin S"]
[Black "Orsag, Milan"]
[Result "1-0"]
[WhiteElo "2375"]
[BlackElo "2410"]

1.d4 d5 2.c4 c6 3.Nf3 Nf6 4.Qc2 g6 5.e3 Bg7 6.Bd3 O-O 7.Nbd2 Re8 8.O-O Nbd7
9.cxd5 Nxd5 10.Bc4 N7b6 11.Bb3 Be6 12.Ng5 Nb4 13.Qc3 Bxb3 14.Qxb3 N4d5 15.e4 e6
16.Ndf3 Nf6 17.e5 Nfd5 18.a4 Qc7 19.Ne4 a5 20.h4 Nc8 21.h5 gxh5 22.Bg5 h6
23.Bh4 Nce7 24.Ng3 Ng6 25.Nxh5 Nxh4 26.Nxh4 Qe7 27.Qh3 Qg5 28.Nf3 Qg6 29.Ra3 Ne7
30.Re1 Qf5 31.g4 Qc2 32.Nf6+ Bxf6 33.exf6 Nd5 34.Qxh6 Qg6 35.Qxg6+ fxg6 36.g5 Red8
37.Rxe6 Nf4 38.Re7 Re8 39.f7+  1-0

[Event "Decin op"]
[Site "Decin"]
[Date "1996.??.??"]
[Round "3"]
[White "Beil, Zdenek"]
[Black "Tolstikh, Nikolay"]
[Result "0-1"]
[WhiteElo "2325"]
[BlackElo "2420"]

1.d4 d5 2.Nf3 Nf6 3.c4 c6 4.Qc2 dxc4 5.Qxc4 Bf5 6.Nc3 Nbd7 7.g3 e6 8.Bg2 Be7
9.O-O O-O 10.a4 Ne4 11.a5 Nxc3 12.bxc3 Be4 13.Bh3 c5 14.Nd2 Bd5 15.Qd3 Bc6
16.e4 a6 17.Rd1 cxd4 18.cxd4 Bb5 19.Qe3 Rc8 20.Ba3 Bxa3 21.Rxa3 Qe7 22.e5 Rc2
23.Rc3 Ra2 24.Nc4 Qb4 25.Nd6 Bc6 26.Bg2 Bxg2 27.Kxg2 Qxa5 28.Nxb7 Qd5+ 29.Qf3 Nb6
30.Nd6 f6 31.Qxd5 Nxd5 32.Rf3 fxe5 33.dxe5 Rxf3 34.Kxf3 a5 35.Rc1 h6 36.h4 a4
37.Rc8+ Kh7 38.h5 a3 39.Ra8 Ra1 40.Ne4 a2 41.Ra4 Re1  0-1

[Event "Decin op"]
[Site "Decin"]
[Date "1996.??.??"]
[Round "8"]
[White "Kievelitz, Bernd"]
[Black "Mashinskaya, Iulia"]
[Result "1/2-1/2"]
[WhiteElo "2145"]
[BlackElo "2230"]

1.Nf3 d5 2.d4 Nf6 3.c4 c6 4.Qc2 g6 5.e3 Bg7 6.Bd3 O-O 7.O-O Nbd7 8.Nbd2 Qc7
9.b3 e5 10.dxe5 Nxe5 11.Nxe5 Qxe5 12.Bb2 Qh5 13.Rfe1 Be6 14.Be2 Qh6 15.Nf1 Rad8
16.Rad1 Rfe8 17.c5 Bf5 18.Qc1 Qh4 19.f3 Qh6 20.Bd4 Nd7 21.Qc3 Re7 22.Bxg7 Qxg7
23.Qxg7+ Kxg7 24.g4 Be6 25.b4 Rde8 26.Kf2 h6 27.Rd4 f5 28.h3 fxg4 29.hxg4 Ne5
30.Kg3 Bf7 31.f4 Nd7 32.Bd3 Nf8 33.Bb1 Ne6 34.Rd2 g5 35.f5 Nf8 36.Rde2 Nd7
37.a3 Nf6 38.Rd2 h5 39.gxh5 Nxh5+ 40.Kf2 Nf6 41.Rd4 Bh5 42.Nh2 Re5 43.Bc2 R8e7
44.Bb1 Kh6 45.Bc2 Kg7 46.Bb1 Ne4+ 47.Bxe4 dxe4 48.f6+ Kxf6 49.Rd6+ R5e6 50.Rd8 Kg6
51.Kg3 Rf6 52.Rf1 Rxf1 53.Nxf1 Be2 54.Nd2 g4 55.Rf8 Bf3 56.Nc4 Rh7 57.Ne5+ Kg5
58.Rg8+ Kf5 59.Nxg4 Bxg4 60.Rxg4 Rd7 61.Rf4+ Ke5 62.Rh4 Rd3 63.Rh5+ Kf6 64.Kf4 Rxa3
65.Rh7 Rb3 66.Rxb7 Ke6 67.Rc7 Rxb4 68.Rxc6+ Kd5 69.Rc8 Rc4 70.c6 Rxc6 71.Rxc6  1/2-1/2

[Event "DEN-chT9596"]
[Site "DEN"]
[Date "1996.??.??"]
[Round "7"]
[White "Meyer, Lars A"]
[Black "Schandorff, Lars"]
[Result "0-1"]
[WhiteElo "2305"]
[BlackElo "2450"]

1.d4 d5 2.c4 c6 3.Nf3 dxc4 4.e3 b5 5.a4 e6 6.axb5 cxb5 7.b3 Bb4+ 8.Bd2 Bxd2+
9.Nbxd2 a5 10.bxc4 b4 11.Ne5 Nf6 12.Bd3 O-O 13.g4 Bb7 14.O-O Nc6 15.f4 Nxd4
16.exd4 Qxd4+ 17.Rf2 Nxg4 18.Qxg4 Qxa1+ 19.Nf1 Qd4 20.Nd2 a4 21.Ndf3 Bxf3
22.Qxf3 a3 23.Nc6 Qc5  0-1

[Event "Asia-ch"]
[Site "Dubai"]
[Date "1996.??.??"]
[Round "?"]
[White "Zilberman, Nathan R"]
[Black "Omearat, Adel"]
[Result "1/2-1/2"]
[WhiteElo "2410"]
[BlackElo "2260"]

1.d4 d5 2.c4 c6 3.Nf3 Nf6 4.Qc2 e6 5.g3 Be7 6.Bg2 O-O 7.O-O Nbd7 8.b3 a5
9.Nc3 b5 10.Rd1 Ba6 11.Nd2 Rc8 12.e4 bxc4 13.bxc4 c5 14.cxd5 exd5 15.Nxd5 Nxd5  1/2-1/2

[Event "RUS-ch U20"]
[Site "Ekaterinburg"]
[Date "1996.??.??"]
[Round "9"]
[White "Lastin, Alexander"]
[Black "Sotnikov, Igor"]
[Result "1/2-1/2"]
[WhiteElo "2480"]
[BlackElo "2455"]

1.d4 d5 2.c4 c6 3.Nf3 dxc4 4.a4 e6 5.Qc2 b5 6.g3 Bb7 7.Bg2 Nd7 8.O-O Ngf6
9.e4 Be7 10.Nc3 b4 11.e5 bxc3 12.exf6 Nxf6 13.Qxc3 c5 14.dxc5 Bd5 15.Be3 O-O
16.Ne5 Bxg2 17.Kxg2 Qd5+ 18.f3 Bxc5 19.Nxc4 Rac8 20.b3 Qb7 21.Bxc5 Rxc5 22.Rad1 h6
23.Rf2 Rb8 24.Rd3 Rd5 25.Rfd2 h5 26.Ne3 Rxd3 27.Rxd3 Qe7  1/2-1/2

[Event "RUS-ch (Women)"]
[Site "Elista"]
[Date "1996.??.??"]
[Round "7"]
[White "Kozlovskaya, Valentina"]
[Black "Razuvajeva, Julia"]
[Result "1-0"]
[WhiteElo "2240"]
[BlackElo "2090"]

1.d4 d5 2.c4 c6 3.Nf3 Nf6 4.Qc2 g6 5.Nbd2 Bf5 6.Qb3 Qb6 7.cxd5 cxd5 8.Qxb6 axb6
9.e3 Bg7 10.Bb5+ Bd7 11.Bxd7+ Nfxd7 12.O-O Nc6 13.Nb1 O-O 14.Nc3 e6 15.Bd2 Rfc8
16.Rfc1 Na5 17.b3 Bf8 18.Nb5 Nc6 19.Ne1 Nf6 20.f3 Ne8 21.Nd3 Nd6 22.Nxd6 Bxd6
23.a4 Na5 24.Bxa5 bxa5 25.Kf2 h5 26.h3 Kf8 27.e4 dxe4 28.fxe4 Ke8 29.Rc4 Kd7
30.Rac1 g5 31.Rxc8 Rxc8 32.Rxc8 Kxc8 33.g4 hxg4 34.hxg4 Kd7 35.e5 Be7 36.Kf3 Kc6
37.Ke4 Ba3 38.Ne1 Bb2 39.Nc2 Bc1 40.Ne1 Bd2 41.Nd3 b6 42.Nb2 Bc3 43.Nc4 Bb4
44.Kd3 Be7 45.Ne3 Ba3 46.Kc4 Bb2 47.Nd1 Ba1 48.Nf2 Bb2 49.Ne4 Bc1 50.Nf6 Ba3
51.Kd3 Be7 52.Ne4 b5 53.axb5+ Kxb5 54.Nc3+ Kb4 55.Kc2 Bf8 56.Ne4 Be7 57.Nf2 Kb5
58.Kc3 Bb4+ 59.Kd3 Be7 60.Ne4 Kb4 61.Kc2 Kb5 62.Nc3+ Kc6 63.Kd3 Ba3 64.Kc4 Bb2
65.Ne4 Bc1 66.Nd6 f6 67.Ne4 fxe5 68.dxe5 Be3 69.Nd6 Bc1 70.Nf7 Bd2 71.Nd8+ Kd7
72.Nb7 Bf4 73.Nc5+ Ke7 74.Nd3 Bd2 75.Kb5 Kd7 76.Nc5+ Ke7 77.Ne4 Bf4 78.Kxa5 Bxe5
79.Nxg5 Bc3+ 80.Kb5 Be1 81.Kc4 Kf6 82.Nf3 Bf2 83.b4 e5 84.Kd5 Be3 85.Ke4 Bf4
86.b5 Ke6 87.Ne1 Kd6 88.Nd3 Bd2 89.Nxe5 Kc5 90.b6  1-0

[Event "FIN-chT 9697"]
[Site "FIN"]
[Date "1996.??.??"]
[Round "3.2"]
[White "Tuominen, Risto"]
[Black "Tella, Jussi"]
[Result "1-0"]
[WhiteElo "2105"]
[BlackElo "2310"]

1.d4 d5 2.c4 c6 3.Nf3 Nf6 4.Qc2 e6 5.Nbd2 Bb4 6.g3 O-O 7.Bg2 Nbd7 8.O-O Re8
9.e4 e5 10.cxd5 cxd5 11.dxe5 Nxe5 12.Nxe5 Rxe5 13.exd5 Rh5 14.a3 Bf5 15.Qa4 Bc5
16.Bf3 Rh3 17.Ne4 Bxe4 18.Bxe4 Qb6 19.Bf3 Re8 20.Kg2 Rh6 21.Bxh6 gxh6 22.b4 Bd4
23.Rad1 h5 24.Qc2 Re5 25.Qc4 Bb2 26.d6  1-0

[Event "FIN-chT 9596"]
[Site "FIN"]
[Date "1996.??.??"]
[Round "9"]
[White "Lassila, Erkki"]
[Black "Sorri, Kari Juhani"]
[Result "1-0"]
[WhiteElo "2190"]
[BlackElo "2335"]

1.d4 d5 2.Nf3 Nf6 3.c4 c6 4.Qc2 g6 5.Bf4 Bg7 6.e3 O-O 7.Nc3 Bg4 8.Ne5 Bf5
9.Qb3 Nbd7 10.Qxb7 Rb8 11.Qxa7 Nxe5 12.Bxe5 Rxb2 13.Be2 Rc2 14.Nd1 dxc4 15.f3 Nd5
16.Bxg7 Kxg7 17.g3 Bd3 18.Bxd3 cxd3 19.O-O Qd6 20.Qa6 Nb4 21.Qa3 c5 22.dxc5 Qxc5
23.Rb1 Rb8 24.Rb2 h5 25.Rf2 h4 26.Kg2 e5 27.Qb3 Qd6 28.Qa4 Rc1 29.Rfd2 Rc6
30.a3 Ra6 31.Qb3 Nc6 32.Qxd3 Qxd3 33.Rxd3 Rxb2+ 34.Nxb2 hxg3 35.hxg3 e4 36.fxe4 Ne5
37.Rc3 g5 38.Nd3 Kf6 39.Nxe5 Kxe5 40.Kf3 g4+ 41.Kxg4 Kxe4 42.Rc4+ Kxe3 43.Rf4 Rg6+
44.Kh3 Ra6 45.a4 Rh6+ 46.Kg2 Ra6 47.Rf3+ Ke2 48.Rxf7 Rxa4 49.Re7+ Kd3 50.Kf3 Ra8
51.Rd7+ Kc4 52.g4 Rf8+ 53.Kg3 Rg8 54.Kf4 Rf8+ 55.Ke5 Rg8 56.Kf5 Rf8+ 57.Kg6 Rg8+
58.Rg7 Rf8 59.g5 Kd5 60.Re7  1-0

[Event "Eikrem mem"]
[Site "Gausdal"]
[Date "1996.??.??"]
[Round "8"]
[White "Henriksen, Geir"]
[Black "Rausis, Igors"]
[Result "0-1"]
[WhiteElo "2235"]
[BlackElo "2495"]

1.d4 d5 2.c4 dxc4 3.Nf3 c6 4.e3 Be6 5.a4 Nf6 6.Na3 c5 7.Bxc4 Bxc4 8.Nxc4 cxd4
9.Qxd4 Nc6 10.Qxd8+ Rxd8 11.Ke2 e6 12.Rd1 Rxd1 13.Kxd1 Ne4 14.Ke2 Be7 15.Nfe5 Nxe5
16.Nxe5 Bd6 17.Nf3 f5 18.Nd2 Nf6 19.h3 Bb4 20.Nc4 Ne4 21.Bd2 Nxd2 22.Nxd2 Kd7
23.Rc1 h5 24.Nf3 Bd6 25.Rc4 Rb8 26.Nd4 a6 27.Kd3 Rf8 28.Ne2 g5 29.h4 g4 30.Nf4 Rh8
31.g3 Rh7 32.Ne2 Rf7 33.e4 fxe4+ 34.Rxe4 Rxf2  0-1

[Event "Gelsenkirchen"]
[Site "Gelsenkirchen"]
[Date "1996.??.??"]
[Round "7"]
[White "Reschke, Stefan"]
[Black "Tyomkin, Dimitri"]
[Result "0-1"]
[WhiteElo "2385"]
[BlackElo "2340"]

1.d4 d5 2.c4 c6 3.Nf3 Nf6 4.Qc2 dxc4 5.Qxc4 b5 6.Qd3 e6 7.g3 Bb7 8.Bg2 a6
9.a4 Nbd7 10.O-O Qb6 11.Nc3 Be7 12.Bg5 h6 13.Bf4 O-O 14.Rfd1 Rfd8 15.e4 b4
16.a5 Qa7 17.e5 bxc3 18.exf6 Nxf6 19.Bc7 cxb2 20.Rab1 Rd5 21.Bb6 Qb8 22.Ne5 Rb5
23.Nxc6 Qe8 24.Nxe7+ Qxe7 25.Bxb7 Qxb7 26.Rd2 Rc8 27.f3 Rc1+ 28.Kg2 Rxb1
29.Qxb1 Rb3 30.d5 Nxd5 31.Rxb2 Nf4+ 32.gxf4 Qxf3+ 33.Kg1 Rd3  0-1

[Event "Oberliga Sued W9697"]
[Site "GER"]
[Date "1996.??.??"]
[Round "?"]
[White "Srokowski, Jaroslav"]
[Black "Elsen, Mark"]
[Result "1-0"]
[WhiteElo "2435"]
[BlackElo "2225"]

1.d4 d5 2.c4 c6 3.Nf3 Nf6 4.Qc2 e6 5.Bg5 Nbd7 6.Nbd2 Be7 7.e3 O-O 8.Bd3 Re8
9.O-O h6 10.Bf4 c5 11.Rfd1 b6 12.e4 Bb7 13.cxd5 exd5 14.e5 Nh5 15.Be3 cxd4
16.Bxd4 Nf4 17.Bf1 Bf8 18.Nb3 Ne6 19.Re1 a6 20.Rad1 Ndc5 21.Bc3 Qc7 22.Qb1 Nxb3
23.axb3 Nc5 24.Qf5 Nxb3 25.e6 fxe6 26.Rxe6 Nc5 27.Rg6 Rad8 28.Qh3 Kh7 29.Ng5+ Kg8
30.Qxh6  1-0

[Event "NRW-Liga II 9596"]
[Site "Germany"]
[Date "1996.??.??"]
[Round "?"]
[White "Prange, Stefan"]
[Black "Lotzien, Hans"]
[Result "0-1"]
[WhiteElo "2055"]
[BlackElo "2280"]

1.d4 d5 2.c4 c6 3.Nf3 dxc4 4.a4 Nf6 5.Nc3 g6 6.e4 Be6 7.Ne5 Bg7 8.Bxc4 Bxc4
9.Nxc4 O-O 10.O-O Nbd7 11.Qe2 Nb6 12.Rd1 Nxc4 13.Qxc4 Qd7 14.h3 Rac8 15.Be3 Rfd8
16.a5 Ne8 17.Qb3 Nd6 18.f3 Nb5 19.Nxb5 cxb5 20.d5 a6 21.Bb6 Re8 22.Rac1 Rxc1
23.Rxc1 Rc8 24.Rf1 Rc4 25.Be3 Qc7 26.Bb6 Qe5 27.Rb1 Qg3 28.Bf2 Qc7 29.Bb6 Rc1+
30.Rxc1 Qxc1+ 31.Kf2 Qd2+ 32.Kf1 Bxb2 33.Be3 Qc3 34.Qxc3 Bxc3 35.Bb6 Kf8
36.Ke2 Ke8 37.Kd3 Bb4 38.e5 Kd7 39.g4 Be1 40.f4 f6 41.Ke4 fxe5 42.fxe5 e6
43.d6 Bc3 44.h4 h5 45.gxh5 gxh5 46.Kf4 b4  0-1

[Event "BL2-N9596"]
[Site "Germany"]
[Date "1996.??.??"]
[Round "?"]
[White "Stern, Rene"]
[Black "Bagirov, Vladimir"]
[Result "1-0"]
[WhiteElo "2435"]
[BlackElo "2530"]

1.d4 d5 2.c4 c6 3.Nf3 dxc4 4.e3 b5 5.a4 e6 6.b3 Bb4+ 7.Bd2 Bxd2+ 8.Nfxd2 Ne7
9.bxc4 bxc4 10.Nxc4 O-O 11.Nc3 Na6 12.Be2 c5 13.Nb5 Bb7 14.O-O cxd4 15.Ncd6 Bc6
16.Qxd4 Nc7 17.Nxf7 Qxd4 18.Nxd4 Rxf7 19.Rfc1 Bxg2 20.Kxg2 Ned5 21.Ra2 Raf8
22.Bc4 Rf6 23.Rd2 Kh8 24.Bb3 h6 25.Rc6 e5 26.Rxf6 Nxf6 27.Nc6 e4 28.Nxa7 Rb8
29.Bd1 Ncd5 30.Nb5 Ra8 31.Bb3 Nb6 32.Ra2 Ra5 33.Nd6 g5 34.Nc4 Nxc4 35.Bxc4 Nd7
36.Bb5 Nc5 37.Kf1 Kg7 38.Ke2 Kf6 39.Kd2 Ke5 40.Kc3 Ra7 41.a5 Rc7 42.Kb4 Nd3+
43.Bxd3 exd3 44.a6 Rc2 45.Ra5+ Kf6 46.a7 d2 47.a8=Q d1=Q 48.Qf8+ Kg6 49.Ra6+  1-0

[Event "Oberliga Nord W9596"]
[Site "Germany"]
[Date "1996.??.??"]
[Round "?"]
[White "Krause, Ullrich"]
[Black "Pramann, Adele"]
[Result "1/2-1/2"]
[WhiteElo "2260"]
[BlackElo "2085"]

1.d4 d5 2.c4 c6 3.Nf3 dxc4 4.a4 b5 5.e3 e6 6.axb5 cxb5 7.b3 Bb4+ 8.Bd2 Bxd2+
9.Nbxd2 a5 10.bxc4 b4 11.c5 Nf6 12.Bb5+ Bd7 13.Qa4 O-O 14.e4 Qc7 15.O-O Rd8
16.Rfe1 Bxb5 17.Qxb5 Nc6 18.Nc4 Nxd4 19.Nxd4 Rxd4 20.Nb6 Rad8 21.Rxa5 Nxe4
22.Ra8 Qxc5 23.Qa6 Rd2 24.Rf1 h6 25.Qb7 Nf6 26.Ra7 Rf8 27.h3 b3 28.Na4 Qc2
29.Qb5 Rd5 30.Qb4 Rfd8 31.Rb7 Rd4 32.Qb5 Qc4 33.Qxc4 Rxc4 34.Nb2 Rc3 35.Na4 Rc4
36.Nb2 Rc2 37.Rxb3 Rdd2 38.Nd3 Ne4 39.Ra3 Kf8 40.Nb4 Rb2 41.Nd3 Rb7 42.Re1 Nf6
43.Nc5 Rb8 44.Rf3 Rd5 45.Ne4 Nxe4 46.Rxe4 Rb1+ 47.Kh2 Ke7 48.Ra4 Rb7 49.Ra8 f6
50.Rh8 Kf7 51.Ra8 Rbd7 52.Ra6 R5d6 53.Ra2 Ke7 54.Ra8 Rd3 55.Rxd3 Rxd3 56.Ra7+ Rd7
57.Ra6 f5 58.h4 Rd2 59.f4 Kf6 60.Kh3 Re2 61.h5 Re1 62.Kh2 Rf1 63.g3 Rf2+
64.Kh3 Re2 65.Rb6 Rd2 66.Ra6 Rd7 67.Rb6 Re7 68.Ra6 Kf7 69.Ra5 g6 70.hxg6+ Kxg6
71.Ra6 Kg7 72.Rb6 e5 73.fxe5 Rxe5 74.Ra6 Re7 75.Kh4 Re1 76.Kh3 Re4 77.Rb6 Rg4
78.Ra6 Rg6 79.Ra4 Rf6 80.Rf4 h5 81.Kh4 Kg6 82.Ra4 Re6 83.Ra3 Re4+ 84.Kh3 Kg5
85.Rb3 h4 86.Ra3 Rg4 87.gxh4+ Rxh4+ 88.Kg2 f4 89.Ra8  1/2-1/2

[Event "Landesliga N9596 Bayern"]
[Site "Germany"]
[Date "1996.??.??"]
[Round "?"]
[White "Bussas, Hans"]
[Black "Feist, Reiner"]
[Result "0-1"]
[WhiteElo "1855"]
[BlackElo "1940"]

1.d4 d5 2.Nf3 Nf6 3.c4 c6 4.Qc2 dxc4 5.e4 b5 6.b3 cxb3 7.axb3 Bb7 8.Bg5 Nbd7
9.Nc3 h6 10.Bh4 g5 11.Bg3 Nh5 12.Be5 Nxe5 13.dxe5 Bg7 14.Be2 Nf4 15.O-O O-O
16.h4 gxh4 17.Nxh4 e6 18.g3 Nxe2+ 19.Nxe2 Bxe5 20.Rad1 Qb6 21.Kg2 Rad8 22.f4 Bf6
23.Nf3 Rxd1 24.Rxd1 Rd8 25.Rh1 Bg7 26.g4 f5 27.g5 fxe4 28.Qxe4 c5 29.Qe3 hxg5
30.Kg3 c4 31.Qc1 Bxf3 32.Kxf3 Rd3+ 33.Kg4 Qf2  0-1

[Event "Oberliga Nord W9596"]
[Site "Germany"]
[Date "1996.??.??"]
[Round "?"]
[White "Hoerstmann, Martin"]
[Black "Eickhoff, Hermann"]
[Result "1-0"]
[WhiteElo "2315"]
[BlackElo "2190"]

1.d4 d5 2.c4 c6 3.Nf3 Nf6 4.Qc2 e6 5.Nbd2 Be7 6.g3 Nbd7 7.Bg2 O-O 8.O-O b6
9.e4 Bb7 10.e5 Ne8 11.b3 c5 12.Bb2 Rc8 13.cxd5 Bxd5 14.Rac1 Nc7 15.dxc5 Bxc5
16.Rfd1 Na6 17.Qb1 Qe7 18.Ne4 Rfd8 19.h4 h6 20.Nh2 h5 21.Nf3 Nf8 22.Nfg5 Nc7
23.Qd3 Bxe4 24.Qxe4 Nd5 25.Bf1 Ba3 26.Bxa3 Qxa3 27.Rxc8 Rxc8 28.Qf3 Rc7 29.Bc4 Qxa2
30.Bxd5 exd5 31.Rxd5 Re7 32.Rd8 Qa1+ 33.Kg2 Rc7 34.Qd3 g6  1-0

[Event "BL2-O9697"]
[Site "Germany"]
[Date "1996.??.??"]
[Round "?.7"]
[White "Hirn, Oskar"]
[Black "Schaeffner, Claus"]
[Result "1-0"]
[WhiteElo "2175"]
[BlackElo "2195"]

1.d4 d5 2.c4 c6 3.Nf3 Nf6 4.Qc2 e6 5.e3 Bd6 6.g4 Nbd7 7.Nc3 dxc4 8.e4 e5
9.g5 Nh5 10.Bxc4 exd4 11.Nxd4 Nb6 12.Bb3 Nf4 13.Rg1 Be5 14.Be3 Bxd4 15.Bxf4 Qe7
16.O-O-O Be5 17.Be3 Be6 18.f4 Bxb3 19.Qxb3 Bd6 20.e5 Bc5 21.Ne4 Bxe3+ 22.Qxe3 Nd5
23.Qf2 b6 24.Nd6+ Kd7 25.Rge1 f6 26.Nf5 Qb4 27.Nxg7 fxe5 28.Rxe5 Kc7 29.Ne6+ Kb7
30.Qc2 Rac8 31.Kb1 Qd6 32.Qe4  1-0

[Event "Gistrup"]
[Site "Gistrup"]
[Date "1996.??.??"]
[Round "7"]
[White "Yakovich, Yuri"]
[Black "Rasmussen, Karsten"]
[Result "1-0"]
[WhiteElo "2530"]
[BlackElo "2435"]

1.d4 d5 2.c4 c6 3.Nf3 Nf6 4.Qc2 dxc4 5.Qxc4 Bf5 6.g3 e6 7.Bg2 Be7 8.O-O Nbd7
9.e3 O-O 10.Nc3 Ne4 11.Qe2 Qa5 12.Bd2 Qb6 13.Na4 Qc7 14.Rfc1 Rfd8 15.a3 e5
16.Bb4 Bf6 17.dxe5 Nxe5 18.Nd4 Bg6 19.f4 Ng4 20.Qxg4 Rxd4 21.f5 h5 22.Qf3 Ng5
23.Qf2 Rg4 24.fxg6 a5 25.Bc3 Rxa4 26.Bxf6 gxf6 27.Qxf6 Rg4 28.Rf1 fxg6 29.Qxg6+ Qg7
30.Qxh5  1-0